Теоретическая и прикладная экология: общественно-научный журнал

Detalles Bibliográficos
Autor Corporativo: Вятский государственный университет
Lenguaje:ruso
Publicado: Киров, ИД Камертон, 2007-
Materias:
Acceso en línea:https://elibrary.ru/title_about.asp?id=27948
Formato: MixedMaterials Electrónico Seriadas
KOHA link:https://koha.lib.tpu.ru/cgi-bin/koha/opac-detail.pl?biblionumber=584100

MARC

LEADER 00000nas1a2200000 4500
001 584100
005 20250516112037.0
011 |a 1995-4301 
011 |a 2618-8406 
035 |a (RuTPU)RU\TPU\prd\285375 
035 |a RU\TPU\prd\285357 
090 |a 584100 
100 |a 20190826a20079999k||y0rusy50 ca 
101 0 |a rus 
102 |a RU 
110 |a ahaz 0uu0 
200 1 |a Теоретическая и прикладная экология  |e общественно-научный журнал  |f Вятский государственный университет 
210 |a Киров  |c ИД Камертон  |d 2007- 
305 |a Издаётся с 2007 г 
326 |a Периодичность - 4 номера в год 
606 |a Экология в целом  |2 stltpush  |3 (RuTPU)RU\TPU\subj\38949  |9 59264 
675 |a 504  |v 4 
712 0 2 |a Вятский государственный университет  |3 (RuTPU)RU\TPU\col\6421  |9 24241 
801 1 |a RU  |b 63413507  |c 20100513 
801 2 |a RU  |b 63413507  |c 20190826  |g RCR 
801 2 |a RU  |b 63413507  |c 20250416  |g PSBO 
850 |a 63413507 
856 4 |u https://elibrary.ru/title_about.asp?id=27948  |z https://elibrary.ru/title_about.asp?id=27948 
942 |c CF